00532cam a22001937a 4500003000500000005001700005008004100022010001000063011001000073020001500083035001100098040000900109082002200118245005400140260003800194300002000232500006100252650002500313CHAP20220329143025.0050831d1994 es a r 00110 spa d a90834 a91806 a8420007552 a102369 cCHAP04a574.87bD54Y 199300aHistología veterinariac/por H. Dieter Dellmann aZaragoza, Esp. :bAcribia,c1994. a398 p. :bilus. aTrad. de : Texbook of Veterinary histology. 4 ed., 1993.14aHistología animal.